La isla del coral = (Registro nro. 37215)
[ vista simple ]
| 000 -CABECERA | |
|---|---|
| Longitud fija campo de control | 01124nam a2200301 a 4500 |
| 003 - • IDENTIFICADOR DELl NÚMERO DE CONTROL | |
| Identificador del número de control | CO-ViMGA |
| 005 - • FECHA Y HORA DE LA ÚLTIMA TRANSACCIÓN | |
| Fecha y hora de la última transacción | 20230915233610.0 |
| 008 - • CÓDIGOS DE INFORMACIÓN DE LONGITUD FIJA | |
| Códigos de información de longitud fija | 180825s2017 ck a gr 0001f spa d |
| 020 ## - • NÚMERO INTERNACIONAL NORMALIZADO PARA LIBROS | |
| Número Internacional Normalizado para Libros (ISBN) | 9789583054181 |
| 040 ## - FUENTE DE LA CATALOGACIÓN | |
| Centro catalogador de origen | CO-ViMGA |
| Lengua de catalogación | spa |
| Centro transcriptor | CO-ViMGA |
| 043 ## - CÓDIGO DE ÁREA GEOGRÁFICA | |
| Código de área geográfica | e-uk-en |
| 082 04 - • NÚMERO DE LA CLASIFICACIÓN DECIMAL DEWEY | |
| Número de clasificación (R) | 823.8 |
| Número del ítem | B15c2 |
| Número de edición | 19 |
| 100 1# - • PUNTO DE ACCESO PRINCIPAL-NOMBRE DE PERSONA | |
| Nombre de persona | Ballantyne, Robert Michael, |
| Fechas asociadas al nombre | 1825-1894. |
| 245 13 - • TITULO PROPIAMENTE DICHO | |
| Título | La isla del coral = |
| Resto del título | The coral island / |
| Mención de responsabilidad, etc. | R. M. Ballantyne ; traducción Gabriela Garcia de la Torre. |
| 250 ## - • MENCIÓN DE EDICIÓN | |
| Mención de edición | Edicion Margarita Montenegro Villalba. |
| 300 ## - • DESCRIPCIÓN FÍSICA | |
| Extensión | 64 paginas : |
| Otras características físicas | ilustraciones ; |
| Dimensiones | 22 cm. |
| 490 0# - • MENCIÓN DE SERIE | |
| Mención de serie | Classics english-spanish. Clasicos ingles-español |
| 546 ## - • NOTA DEL IDIOMA | |
| Nota de lengua | Texto bilingue en español e ingles. |
| 650 14 - • PUNTO DE ACCESO ADICIONAL DE MATERIA - TÉRMINO DE MATERIA | |
| Término de materia o nombre geográfico como elemento inicial | Historias de aventuras. |
| 650 14 - • PUNTO DE ACCESO ADICIONAL DE MATERIA - TÉRMINO DE MATERIA | |
| Término de materia o nombre geográfico como elemento inicial | Juventud |
| Subdivisión de forma | Novela juvenil. |
| 650 14 - • PUNTO DE ACCESO ADICIONAL DE MATERIA - TÉRMINO DE MATERIA | |
| Término de materia o nombre geográfico como elemento inicial | Novela juvenil inglesa. |
| 650 14 - • PUNTO DE ACCESO ADICIONAL DE MATERIA - TÉRMINO DE MATERIA | |
| Término de materia o nombre geográfico como elemento inicial | Viajes |
| Subdivisión de forma | Novela juvenil. |
| 700 1# - • PUNTO DE ACCESO ADICIONAL - NOMBRE DE PERSONA | |
| Nombre de persona | Garcia de la Torre, Gabriela, |
| Fechas asociadas al nombre | 1970-, |
| Término indicativo de función | traductora. |
| 700 1# - • PUNTO DE ACCESO ADICIONAL - NOMBRE DE PERSONA | |
| Nombre de persona | Montenegro Villalba, Margarita, |
| Término indicativo de función | editora. |
| 942 ## - ENTRADA DE ELEMENTOS AGREGADOS (KOHA) | |
| Fuente de clasificaión o esquema | Dewey Decimal Classification |
| Koha [por defecto] tipo de item | LIbro |
| Perdido | Fuente de clasificación o esquema | Estado Físico | No para préstamo | Forma de adquisición | Localización permanente | Localización actual | Fecha adquisición | Préstamos totales | Signatura completa | Código de barras | Fecha última consulta | Fecha último préstamo | Fecha del precio de reemplazo | Tipo de item de Koha |
|---|---|---|---|---|---|---|---|---|---|---|---|---|---|---|
| Dewey Decimal Classification | Sala Infantil Segundo Piso | Biblioteca Pública Germán Arciniegas - Villavicencio | Biblioteca Pública Germán Arciniegas - Villavicencio | 03/18/2020 | 1 | I843.91 M65g | 32202 | 11/29/2021 | 11/26/2021 | 03/18/2020 | LIbro | |||
| Dewey Decimal Classification | Sala Infantil Segundo Piso | Biblioteca Pública Germán Arciniegas - Villavicencio | Biblioteca Pública Germán Arciniegas - Villavicencio | 03/18/2020 | I843.91 M65g | 32203 | 03/18/2020 | 03/18/2020 | LIbro |